LEADER 01163nam a2200277 i 4500 001 000000089037 003 CaOOAMICUS 005 20220711160926.0 008 180830s1967 it u000 u ita u 040 $aSeMil$bita 100 1 $aJoachim, Harold Henry,$d<1868-1938>.$0(OLS)http://semarc/name/40318 240 14$aThe nature of Truth.$0(OLS)http://semarc/title/440693 245 13$aLa natura della verità. 264 1$aMilano :$bFabbri,$c1967. 300 $a343 p. ;$c25 cm 490 1 $aFilosofi contemporanei ;$v11 650 4$aVerità - Concezione idealista.$0(OLS)http://semarc/subject/14797 650 4$aVerità - Filosofia.$0(OLS)http://semarc/subject/3000 700 1 $aMathieu, Vittorio,$d<1923-2020>.$0(OLS)http://semarc/name/4377 830 0$aFilosofi contemporanei ;$v11.$0(OLS)http://semarc/title/7729 850 $aSeMil 852 $aSeMil$W1$xVenegono$y1$m2P VI 607$j233543$B52197$CSeMilBibl$Z2$F56637 $81 961 $aRecupero da Biblioteca Seminario di Seveso 996 $6245$aLa natura della verità$9(OLS)http://semarc/title/134823 996 $6264$aMilano :$bFabbri$9(OLS)http://semarc/publisher/30054 LEADER 00659nam a2200169 i 4500 001 000000155284 003 CaOOAMICUS 005 20061106000000.0 008 061106s1906 it u000 u ita u 013 $a132633 040 $aSeMil$bita 245 13$aLo splendore. 300 $a656 p. :$bill., 14 p. di tav. 773 0 $aMolmenti, Pompeo <1852-1928>$tStoria di Venezia nella vita privata.$b4. edizione interamente rifatta.$dBergamo : Istituto Italiano d'Arti Grafiche, 1905-1908.$gParte2$w()16777 850 $aSeMil 852 $aSeMil$W1$xVenegono$y1$m5K IX 32$j107121$B107121$CSeMilBibl$Z2$F116517 $8I 996 $6245$aLo splendore$9(OLS)http://semarc/title/54000